Daň z motorových vozidiel

Túto daň sú povinní odvádzať podnikatelia v rámci ich podnikateľskej činnosti. Aké vozidlá sú predmetom dane z motorových vozidiel, aké vozidlá sa touto daňou zdaňujú a nezdaňujú. Vozidlá oslobodené od dane.

Gespeichert in:
Bibliographische Detailangaben
1. Verfasser: Dobšovič, Dušan
Format: Buchkapitel
Sprache:Slowakisch
Schlagworte:
Tags: Tag hinzufügen
Keine Tags, Fügen Sie das erste Tag hinzu!

MARC

LEADER 00000naa a2200000 4500
001 0225740
005 20221104112142.2
041 0 |a slo 
044 |a SK 
245 1 0 |a Daň z motorových vozidiel  |c Dušan Dobšovič 
520 |a Túto daň sú povinní odvádzať podnikatelia v rámci ich podnikateľskej činnosti. Aké vozidlá sú predmetom dane z motorových vozidiel, aké vozidlá sa touto daňou zdaňujú a nezdaňujú. Vozidlá oslobodené od dane. 
610 2 0 |a podnikatelia 
610 2 0 |a dane z vozidiel motorových 
610 2 0 |a úpravy právne 
610 2 0 |a Slovensko 
100 1 |a Dobšovič, Dušan